000 00558nam a2200205Ia 4500
005 20260429112005.0
008 260429s9999||||xx |||||||||||||| ||und||
020 _a9781138086616
041 _aEnglish
082 _a662.66
_bDAS
100 _aDas, Debabrata
245 0 _aFundamentals of biofuel production processes /
_cDebabrata Das
260 _aBoca Raton :
_bCRC Press,
_c2019.
300 _axxiii, 243 p.; hb
650 _a Biofuel
650 _a Synthetic fuels
650 _aFuel technology
700 _a Varanasi, Jhansi L.
942 _cTB
999 _c51772
_d51772